<?xml version="1.0" encoding="UTF-8"?><?xml-stylesheet type="text/xsl" href="static/style.xsl"?><OAI-PMH xmlns="http://www.openarchives.org/OAI/2.0/" xmlns:xsi="http://www.w3.org/2001/XMLSchema-instance" xsi:schemaLocation="http://www.openarchives.org/OAI/2.0/ http://www.openarchives.org/OAI/2.0/OAI-PMH.xsd"><responseDate>2026-04-14T07:38:06Z</responseDate><request verb="GetRecord" identifier="oai:www.recercat.cat:2445/224640" metadataPrefix="marc">https://recercat.cat/oai/request</request><GetRecord><record><header><identifier>oai:recercat.cat:2445/224640</identifier><datestamp>2026-04-07T22:35:56Z</datestamp><setSpec>com_2072_1057</setSpec><setSpec>col_2072_478916</setSpec><setSpec>col_2072_478917</setSpec></header><metadata><record xmlns="http://www.loc.gov/MARC21/slim" xmlns:dcterms="http://purl.org/dc/terms/" xmlns:xsi="http://www.w3.org/2001/XMLSchema-instance" xmlns:doc="http://www.lyncode.com/xoai" xsi:schemaLocation="http://www.loc.gov/MARC21/slim http://www.loc.gov/standards/marcxml/schema/MARC21slim.xsd">
   <leader>00925njm 22002777a 4500</leader>
   <datafield ind2=" " ind1=" " tag="042">
      <subfield code="a">dc</subfield>
   </datafield>
   <datafield ind2=" " ind1=" " tag="720">
      <subfield code="a">Suclupe, Stefanie</subfield>
      <subfield code="e">author</subfield>
   </datafield>
   <datafield ind2=" " ind1=" " tag="720">
      <subfield code="a">Pantoja Bustillos, Percy Efrain</subfield>
      <subfield code="e">author</subfield>
   </datafield>
   <datafield ind2=" " ind1=" " tag="720">
      <subfield code="a">Bracchiglione, Javier</subfield>
      <subfield code="e">author</subfield>
   </datafield>
   <datafield ind2=" " ind1=" " tag="720">
      <subfield code="a">Requeijo, Carolina</subfield>
      <subfield code="e">author</subfield>
   </datafield>
   <datafield ind2=" " ind1=" " tag="720">
      <subfield code="a">Salas Gama, Karla</subfield>
      <subfield code="e">author</subfield>
   </datafield>
   <datafield ind2=" " ind1=" " tag="720">
      <subfield code="a">Solà, Ivan</subfield>
      <subfield code="e">author</subfield>
   </datafield>
   <datafield ind2=" " ind1=" " tag="720">
      <subfield code="a">Merchán Galvis, Angela</subfield>
      <subfield code="e">author</subfield>
   </datafield>
   <datafield ind2=" " ind1=" " tag="720">
      <subfield code="a">Uya Muntaña, Jaume</subfield>
      <subfield code="e">author</subfield>
   </datafield>
   <datafield ind2=" " ind1=" " tag="720">
      <subfield code="a">Robleda, Gemma</subfield>
      <subfield code="e">author</subfield>
   </datafield>
   <datafield ind2=" " ind1=" " tag="720">
      <subfield code="a">Martínez Zapata, María José</subfield>
      <subfield code="e">author</subfield>
   </datafield>
   <datafield ind2=" " ind1=" " tag="260">
      <subfield code="c">2025-12-03T16:06:37Z</subfield>
   </datafield>
   <datafield ind2=" " ind1=" " tag="260">
      <subfield code="c">2025-12-03T16:06:37Z</subfield>
   </datafield>
   <datafield ind2=" " ind1=" " tag="260">
      <subfield code="c">2022-12-24</subfield>
   </datafield>
   <datafield ind2=" " ind1=" " tag="260">
      <subfield code="c">2025-12-03T15:01:57Z</subfield>
   </datafield>
   <datafield ind2=" " ind1=" " tag="520">
      <subfield code="a">Background: Different types of interventions have been assessed for the prevention of adverse events. However, determining which patient-safety practice is most effective can be challenging when there is no systematised evidence synthesis. An overview following the best methodological standards can provide the best reliable integrative evidence.Objectives: The objective of this study was to provide an overview of effectiveness nonpharmacological interventions aimed at preventing adverse events in the intensive care unit.Methods: A review of systematic reviews (SRs) was conducted according to the Cochrane Handbook and PRISMA recommendations. PubMed, CINAHL, and Cochrane Library were searched for SRs published until March 2022. Two reviewers independently assessed the study's quality, using AMSTAR-2, and extracted data on intervention characteristics and effect on prevention of adverse events. Results: Thirty-seven SRs were included, and 27 nonpharmacological interventions were identified to prevent 11 adverse events. Most of the reviews had critically low methodological quality. Among all the identified interventions, subglottic secretion drainage, semirecumbent position, and kinetic bed therapy were effective in preventing ventilator-associated pneumonia; the use of earplugs, early mobilisation, family participation, and music in reducing delirium; physical rehabilitation in improving muscle strength; use of respiratory support in preventing reintubation; the use of a computerised physician order entry system in reducing risk of medication errors; and the use of heated water humidifier was effective in reducing artificial airway occlusion.Conclusions: Some nonpharmacological interventions reduced adverse events in the intensive care setting. These findings should be interpreted carefully due to the low methodological quality. SRs on preventing adverse events in the intensive care unit should adhere to quality assessment tools so that best evidence can be used in decision-making.</subfield>
   </datafield>
   <datafield tag="653" ind2=" " ind1=" ">
      <subfield code="a">Seguretat dels pacients</subfield>
   </datafield>
   <datafield tag="653" ind2=" " ind1=" ">
      <subfield code="a">Unitats de cures intensives</subfield>
   </datafield>
   <datafield tag="653" ind2=" " ind1=" ">
      <subfield code="a">Teràpia respiratòria</subfield>
   </datafield>
   <datafield tag="653" ind2=" " ind1=" ">
      <subfield code="a">Patients safety</subfield>
   </datafield>
   <datafield tag="653" ind2=" " ind1=" ">
      <subfield code="a">Intensive care units</subfield>
   </datafield>
   <datafield tag="653" ind2=" " ind1=" ">
      <subfield code="a">Respiratory therapy</subfield>
   </datafield>
   <datafield ind2="0" ind1="0" tag="245">
      <subfield code="a">Effectiveness of nonpharmacological interventions to prevent adverse events in the intensive care unit: A review of systematic reviews</subfield>
   </datafield>
</record></metadata></record></GetRecord></OAI-PMH>